00377 2200157 4500001002100000005001500021035002000036245007400056100001700130250000600147300001200153260002000165082000800185084001400193990001200207INLIS00000000000254320250604122746 a0010-06250001291 aMengembangkan Kepribadian Dengan Berpikir Positif /cDr. Amir Abraham0 aAmir Abraham a1 a150 hlm bDiglosia,c2004 a100 a100 AMI m a0712326